LEADER 00691nam0-22002771i-450- 001 990000015070403321 035 $a000001507 035 $aFED01000001507 035 $a(Aleph)000001507FED01 035 $a000001507 100 $a20011111d--------km-y0itay50------ba 101 0 $aita 105 $ay-------001yy 200 1 $aAeropuertos$fF. Lopez-Pedraga. 210 $aMadrid$cParaninfo$d1970 215 $a830 p.$cill.$d22 cm 610 0 $aAeroporti 676 $a629.136 700 1$aLopez-Pedraga,$bF. 801 0$aIT$bUNINA$gRICA$2UNIMARC 901 $aBK 912 $a990000015070403321 952 $a13 F 11 19$b30345$fFINBC 959 $aFINBC 997 $aUNINA DB $aING01 LEADER 01709nam0 2200409 i 450 001 VAN0071391 005 20220315124614.16 010 $a978-36-420-1569-4 100 $a20090910d2009 |0itac50 ba 101 $aeng 102 $aDE 105 $a|||| ||||| 200 1 $aˆThe ‰Dirac spectrum$fNicolas Ginoux 210 $aBerlin$cSpringer$d2009 215 $aXV, 156 p.$d24 cm 300 $aPubblicazione disponibile anche in formato elettronico 461 1$1001VAN0102250$12001 $aLecture notes in mathematics$1210 $aBerlin [etc.]$cSpringer$v1976 500 1$3VAN0234673$aˆThe ‰Dirac spectrum$9230284 606 $a58-XX$xGlobal analysis, analysis on manifolds [MSC 2020]$3VANC019758$2MF 606 $a35P15$xEstimation of eigenvalues in context of PDEs [MSC 2020]$3VANC021224$2MF 606 $a53C27$xSpin and Spin$^c$ geometry [MSC 2020]$3VANC023943$2MF 610 $aGlobal analysis$9KW:K 610 $aManifolds$9KW:K 610 $aPartial differential equations$9KW:K 610 $aSpectral geometry$9KW:K 610 $aSpin geometry$9KW:K 610 $aSpinors$9KW:K 620 $dBerlin$3VANL000066 700 1$aGinoux$bNicolas$3VANV056288$0318786 712 $aSpringer $3VANV108073$4650 801 $aIT$bSOL$c20240614$gRICA 856 4 $uhttps://doi.org/10.1007/978-3-642-01570-0$zhttps://doi.org/10.1007/978-3-642-01570-0 899 $aBIBLIOTECA DEL DIPARTIMENTO DI MATEMATICA E FISICA$1IT-CE0120$2VAN08 912 $aVAN0071391 950 $aBIBLIOTECA DEL DIPARTIMENTO DI MATEMATICA E FISICA$d08PREST 58-XX 1602 $e08 8639 I 20091217 996 $aDirac spectrum$9230284 997 $aUNICAMPANIA